Study Material Parliamentary Practices and Procedures (Record no. 144)

MARC details
000 -LEADER
fixed length control field 00417nam a22001337a 4500
008 - FIXED-LENGTH DATA ELEMENTS--GENERAL INFORMATION
fixed length control field 230602b xxu||||| |||| 00| 0 eng d
082 ## - DEWEY DECIMAL CLASSIFICATION NUMBER
Classification number 060.4
Item number BPS
100 ## - MAIN ENTRY--PERSONAL NAME
Dates associated with a name 2017
245 ## - TITLE STATEMENT
Title Study Material Parliamentary Practices and Procedures
Statement of responsibility, etc. Bureau of Parliament Studies and Training
260 ## - PUBLICATION, DISTRIBUTION, ETC. (IMPRINT)
Place of publication, distribution, etc. New Delhi
Name of publisher, distributor, etc. Bureau of Parliament Studies and Training
Date of publication, distribution, etc. 2017
300 ## - PHYSICAL DESCRIPTION
Extent undefined
500 ## - GENERAL NOTE
General note Pagination
942 ## - ADDED ENTRY ELEMENTS (KOHA)
Source of classification or shelving scheme Dewey Decimal Classification
Koha item type Books
Holdings
Withdrawn status Lost status Source of classification or shelving scheme Damaged status Not for loan Home library Current library Date acquired Total Checkouts Full call number Barcode Date last seen Price effective from Koha item type
    Dewey Decimal Classification     Bunge Tower Library Bunge Tower Library 06/02/2023   060.4 BPS 1000766 06/02/2023 06/02/2023 Books
LIBRARY OPENING HOURS

When the Parliament is sitting: 8.00a.m - 7.00p.m or until the house adjourns
Mondays and Fridays and when the House is on Recess:  8.00a.m - 5.00p.m
Closed on Weekends and Public Holidays

Online Public Access Catalog (OPAC)
Website: http://www.parliament.go.ke
Bunge Library: https://libraryir.parliament.go.ke
Contact: library@parliament.go.ke | Tel no: (254-2)2221291 or 2848000 Ext 5043